|
|
|
|
| LEADER |
02056nam a2200433 4500 |
| 001 |
DLU140162429 |
| 005 |
##20140722 |
| 008 |
##110930s2012 caua b 001 0 eng |
| 010 |
# |
# |
|a 2011039115
|
| 016 |
# |
# |
|a 015964475
|2 Uk
|
| 020 |
# |
# |
|a 1118004361 (pbk.)
|
| 020 |
# |
# |
|a 9781118004364 (pbk.)
|
| 035 |
# |
# |
|a (OCoLC)ocn744299325
|
| 040 |
# |
# |
|a DLC
|c DLC
|d YDX
|d BTCTA
|d UKMGB
|d YDXCP
|d BWX
|d BDX
|d GPRCL
|d CDX
|d DLC
|
| 042 |
# |
# |
|a pcc
|
| 050 |
# |
# |
|a LB1029.T4
|b B46 2012
|
| 082 |
# |
# |
|a 371.148
|b BE-A
|
| 084 |
# |
# |
|a EDU029000
|2 bisacsh
|
| 100 |
# |
# |
|a Beninghof, Anne M.
|
| 245 |
# |
# |
|a Co-teaching that works :
|b structures and strategies for maximizing student learning /
|c Anne M. Beninghof.
|
| 250 |
# |
# |
|a 1st ed.
|
| 260 |
# |
# |
|a San Francisco, CA :
|b Jossey-Bass,
|c c2012.
|
| 300 |
# |
# |
|a x, 260 p. :
|b ill. ;
|c 24 cm.
|
| 504 |
# |
# |
|a Includes bibliographical references and index.
|
| 505 |
# |
# |
|a An overview of co-teaching -- Relationship building: common challenges and effective solutions -- Implementations: common challenges and effective solutions -- The duet model -- Lead and support model -- Speak and add model -- Skill groups model -- Station model -- Learning style model -- Parallel teaching model -- Adapting model -- Complementary skills model -- Co-teaching with a technology specialist -- Co-teaching with a special education teacher -- Co-teaching with a speech/language pathologist -- Co-teaching with and occupational or physical therapist -- Co-teaching with a paraeducator -- Co-teaching with a gifted specialist -- Co-teaching with a literacy specialist -- Co-teaching with an ELL specialist -- Conclusion: evolving partnerships.
|
| 650 |
# |
# |
|a Classroom management.
|
| 650 |
# |
# |
|a Teaching teams.
|
| 650 |
# |
# |
|a EDUCATION / Teaching Methods & Materials / General
|2 bisacsh.
|
| 830 |
# |
# |
|a Jossey-Bass teacher.
|
| 923 |
# |
# |
|a 01/2014
|
| 992 |
# |
# |
|a 536200
|
| 994 |
# |
# |
|a DLU
|
| 900 |
# |
# |
|a True
|
| 911 |
# |
# |
|a Đào Thị Thu Huyền
|
| 925 |
# |
# |
|a G
|
| 926 |
# |
# |
|a A
|
| 927 |
# |
# |
|a SH
|
| 980 |
# |
# |
|a Thư viện Trường Đại học Đà Lạt
|